[Event "FB23 1920 Kisschess - SK Freiburg-Zähri"]
[Site "?"]
[Date "2019.12.14"]
[Round "3.2"]
[White "Kiolbasa, Oliwia"]
[Black "Hund, Sarah"]
[Result "1-0"]
[WhiteElo "2208"]
[BlackElo "1991"]
[PlyCount "95"]
[EventDate "2019.??.??"]

1. e4 e5 2. Nf3 Nc6 3. Bb5 Nge7 4. O-O Ng6 5. c3 d6 6. d4 Bd7 7. Re1 Be7 8.
Nbd2 O-O 9. Nf1 h6 10. Ng3 Bg5 11. Nxg5 hxg5 12. d5 Nb8 13. Bxd7 Nxd7 14. Nf5
f6 15. Qg4 Kf7 16. Nxd6+ Kg8 17. Nxb7 Qe7 18. Na5 Kf7 19. b3 Rh8 20. Ba3 Qe8
21. g3 Ngf8 22. Rad1 Kg8 23. Nc6 a5 24. c4 a4 25. Bxf8 Nxf8 26. b4 Ng6 27. a3
Ne7 28. Qe6+ Kf8 29. Nxe7 Qxe7 30. Qxe7+ Kxe7 31. c5 Rhd8 32. Kg2 Kd7 33. Rh1
Rh8 34. h4 gxh4 35. Rxh4 Rxh4 36. gxh4 Rh8 37. Kg3 Rh6 38. b5 Rg6+ 39. Kf3 Rh6
40. Rg1 g6 41. h5 gxh5 42. Rg7+ Kc8 43. c6 Kb8 44. d6 cxd6 45. b6 Rh8 46. Rb7+
Ka8 47. Ra7+ Kb8 48. c7+ 1-0

[Event "FB23 1920 Kisschess - SK Freiburg-Zähri"]
[Site "?"]
[Date "2019.12.14"]
[Round "3.3"]
[White "Spiegelberg, Silvia"]
[Black "Radeva, Viktoria"]
[Result "0-1"]
[WhiteElo "1906"]
[BlackElo "2241"]
[PlyCount "76"]
[EventDate "2019.??.??"]

1. e4 c5 2. Nf3 e6 3. d4 cxd4 4. Nxd4 a6 5. c4 Nf6 6. Nc3 Qc7 7. Be3 Bb4 8. Qc2
Ng4 9. Bd2 Bc5 10. Nce2 Nc6 11. f3 Nxd4 12. Nxd4 Nxh2 13. Ne2 Nxf1 14. Rxf1 d6
15. O-O-O Bd7 16. Kb1 b5 17. b4 Ba7 18. c5 dxc5 19. Qb2 f6 20. g4 c4 21. g5 e5
22. gxf6 gxf6 23. Nc3 Bc6 24. Be1 Bd4 25. Qh2 O-O-O 26. Rc1 Be3 27. Rc2 Rd3 28.
Qh4 Qd6 29. a3 Bg5 30. Qf2 Qd4 31. Qg2 Rd8 32. Bf2 Qd7 33. Rh1 Rd2 34. Nd5 Bxd5
35. Rxd2 Bxd2 36. exd5 Qf5+ 37. Kb2 Qd3 38. Qg4+ f5 0-1

[Event "FB23 1920 Kisschess - SK Freiburg-Zähri"]
[Site "?"]
[Date "2019.12.14"]
[Round "3.5"]
[White "Denz, Annika"]
[Black "Mehling, Katharina"]
[Result "0-1"]
[WhiteElo "1640"]
[BlackElo "2005"]
[PlyCount "140"]
[EventDate "2019.??.??"]

1. e4 d6 2. d4 Nf6 3. Nc3 g6 4. Nf3 Bg7 5. Be2 O-O 6. Bg5 h6 7. Bh4 Nbd7 8. h3
e5 9. dxe5 dxe5 10. Qd2 g5 11. Bg3 Nh5 12. O-O-O Nxg3 13. fxg3 c6 14. g4 Qf6
15. g3 Nc5 16. h4 Bxg4 17. hxg5 hxg5 18. Rdf1 Qd8 19. Bd3 Nxd3+ 20. cxd3 f6 21.
Qh2 Bxf3 22. Rxf3 Kf7 23. Qh5+ Ke6 24. Qg4+ Kd6 25. Rd1 Qd7 26. Qf5 Qxf5 27.
exf5 c5 28. g4 Rh8 29. Rg3 a6 30. Kc2 Rh6 31. a3 Rah8 32. Rg2 Bf8 33. Rdd2 Be7
34. Ne4+ Kd5 35. Ng3 Rh4 36. Nh5 Rh7 37. Kb3 Bd8 38. Kc2 Rd7 39. Rg3 Kc6 40.
Rdg2 b5 41. Kc3 a5 42. Kc2 Kd5 43. Rd2 a4 44. Rdg2 b4 45. Rg1 Rh2+ 46. R1g2
Rxg2+ 47. Rxg2 bxa3 48. bxa3 Rb7 49. Rg1 Rb3 50. Ra1 Be7 51. Ng7 c4 52. dxc4+
Kxc4 53. Nh5 Rh3 54. Kd2 Bc5 55. Ke2 e4 56. Rc1+ Kd4 57. Rd1+ Ke5 58. Rd8 Rh2+
59. Kf1 e3 60. Re8+ Kd4 61. Nxf6 Kd3 62. Rd8+ Bd4 63. Re8 Bxf6 64. Kg1 Rc2 65.
Kf1 e2+ 66. Kg1 Bd4+ 67. Kh1 Be3 68. Rd8+ Ke4 69. Re8+ Kf3 70. Re7 e1=R# 0-1

[Event "FB23 1920 SC Rochade Zeulenroda - SK 19"]
[Site "?"]
[Date "2019.12.14"]
[Round "3.1"]
[White "Lukas, Anne"]
[Black "Mucha, Annegret"]
[Result "1-0"]
[WhiteElo "1866"]
[BlackElo "2041"]
[PlyCount "63"]
[EventDate "2019.??.??"]

1. g3 c5 2. Bg2 Nc6 3. Nf3 Nf6 4. c4 e6 5. Nc3 d5 6. cxd5 Nxd5 7. O-O Be7 8. d4
Nxc3 9. bxc3 O-O 10. Bf4 g5 11. Be3 cxd4 12. cxd4 Bf6 13. Qa4 Bd7 14. Qb3 Na5
15. Qd3 Bc6 16. Rac1 Bd5 17. Bd2 g4 18. Ne1 Bxg2 19. Nxg2 Nc6 20. Bh6 Bg7 21.
Bxg7 Kxg7 22. Rfd1 f5 23. Nf4 Qd6 24. Qb3 Nd8 25. d5 e5 26. Ne6+ Nxe6 27. dxe6
Qb6 28. Rd7+ Kf6 29. Qd5 Rac8 30. Rd1 Rc5 31. Qd2 Kg6 32. e7 1-0

[Event "FB23 1920 SC Rochade Zeulenroda - SK 19"]
[Site "?"]
[Date "2019.12.14"]
[Round "3.2"]
[White "Skibbe, Diana"]
[Black "Ries, Jutta"]
[Result "1-0"]
[WhiteElo "1982"]
[BlackElo "2009"]
[PlyCount "153"]
[EventDate "2019.??.??"]

1. e4 Nf6 2. e5 Nd5 3. c4 Nb6 4. d4 d6 5. exd6 exd6 6. Bd3 Nc6 7. Ne2 Nb4 8.
O-O Nxd3 9. Qxd3 Qf6 10. Ng3 Bd7 11. Nc3 O-O-O 12. a4 Qg6 13. Qxg6 hxg6 14. b3
Kb8 15. Bg5 f6 16. Be3 Be7 17. a5 Nc8 18. d5 f5 19. Nge2 Bf6 20. Bd4 g5 21. f4
Bxd4+ 22. Nxd4 g4 23. Rae1 Rde8 24. g3 c5 25. dxc6 bxc6 26. b4 Kc7 27. c5 g6
28. Rc1 dxc5 29. bxc5 Ne7 30. Rf2 Rb8 31. Re2 Rhe8 32. Rce1 Nd5 33. Nxd5+ cxd5
34. c6 Rxe2 35. Rxe2 Be8 36. Kf2 Rc8 37. Nb5+ Kd8 38. Nd6 Rxc6 39. Nxe8 Ra6 40.
Ng7 Kd7 41. Ke3 Rxa5 42. Kd4 Ra4+ 43. Kxd5 Ra5+ 44. Kd4 Ra4+ 45. Kc5 Ra6 46.
Rb2 Ra5+ 47. Kd4 Kd6 48. Ne8+ Kd7 49. Re2 Ra4+ 50. Kc5 Ra6 51. Re3 Ra5+ 52. Kb4
Ra6 53. Ng7 Rb6+ 54. Kc4 Ra6 55. Re5 Rc6+ 56. Kd4 Ra6 57. Nxf5 gxf5 58. Rxf5
Ke6 59. Rg5 Ra2 60. Rxg4 Rxh2 61. Rg6+ Kf5 62. Rg5+ Kf6 63. Ke4 Ra2 64. Rc5
Ra4+ 65. Kf3 a5 66. Rc6+ Kg7 67. Kg4 Ra3 68. Ra6 a4 69. f5 Kf7 70. Kf4 Ra1 71.
Kg5 a3 72. Ra7+ Ke8 73. g4 a2 74. f6 Kd8 75. f7 Rf1 76. Kg6 Rxf7 77. Kxf7 1-0

[Event "FB23 1920 SC Rochade Zeulenroda - SK 19"]
[Site "?"]
[Date "2019.12.14"]
[Round "3.3"]
[White "Mao, Yvonne"]
[Black "Schott, Maria"]
[Result "0-1"]
[WhiteElo "1807"]
[BlackElo "1831"]
[PlyCount "58"]
[EventDate "2019.??.??"]

1. e4 c6 2. d4 d5 3. Nc3 dxe4 4. Nxe4 Nd7 5. Bc4 Ngf6 6. Ng5 e6 7. Qe2 Nb6 8.
Bb3 h6 9. N5f3 a5 10. a4 c5 11. Be3 Qc7 12. Ne5 Be7 13. Rd1 O-O 14. Bf4 Nbd5
15. Bg3 Qb6 16. Ngf3 cxd4 17. Nxd4 Bb4+ 18. c3 Nxc3 19. Qc4 Nxd1+ 20. Kxd1 Rd8
21. Nef3 Bc5 22. Be5 Ng4 23. Ke2 Nxe5 24. Nxe5 Rxd4 25. Qc3 Qb4 26. Qf3 Qd2+
27. Kf1 Qc1+ 28. Bd1 Rxd1+ 29. Ke2 Rd2# 0-1

[Event "FB23 1920 SC Rochade Zeulenroda - SK 19"]
[Site "?"]
[Date "2019.12.14"]
[Round "3.4"]
[White "Jacke, Corinna"]
[Black "Wilke, Tabea"]
[Result "1-0"]
[WhiteElo "1940"]
[BlackElo "1779"]
[PlyCount "53"]
[EventDate "2019.??.??"]

1. e4 e5 2. Nf3 Nc6 3. d4 exd4 4. c3 Nf6 5. e5 Qe7 6. cxd4 d6 7. Bb5 Bd7 8. O-O
dxe5 9. dxe5 Ng4 10. Qd5 O-O-O 11. Bg5 f6 12. exf6 gxf6 13. Bh4 Qg7 14. Nc3 Rg8
15. g3 Be7 16. Rfe1 Qh6 17. Bxc6 Bxc6 18. Qf5+ Bd7 19. Qa5 Ne5 20. Nxe5 Qxh4
21. Qxa7 c6 22. Nxd7 Bd6 23. Nb6+ Kc7 24. Nb5+ cxb5 25. Rac1+ Bc5 26. Rxc5+ Kd6
27. Rd5+ 1-0

[Event "FB23 1920 SC Rochade Zeulenroda - SK 19"]
[Site "?"]
[Date "2019.12.14"]
[Round "3.5"]
[White "Tampe, Friederike"]
[Black "Dietrich, Mareike"]
[Result "1/2-1/2"]
[WhiteElo "1565"]
[BlackElo "1722"]
[PlyCount "98"]
[EventDate "2019.??.??"]

1. e4 c5 2. Nc3 a6 3. g3 b5 4. Bg2 Bb7 5. d3 e6 6. Nf3 d6 7. O-O Nf6 8. Re1 Be7
9. e5 dxe5 10. Nxe5 Bxg2 11. Kxg2 b4 12. Qf3 Ra7 13. Ne4 O-O 14. Bg5 Nxe4 15.
Bxe7 Rxe7 16. Qxe4 Qd5 17. Re3 Qxe4+ 18. Rxe4 Rc8 19. Rae1 Nd7 20. Nxd7 Rxd7
21. Rc4 Rd5 22. Ree4 Rcd8 23. Kf3 R8d7 24. Ke3 e5 25. Kf3 Kf8 26. Re3 f5 27.
Ke2 Kf7 28. f3 Kf6 29. Kf2 Rd8 30. f4 exf4 31. Rxf4 g5 32. Rc4 R8d7 33. Re8 Re7
34. Rxe7 Kxe7 35. h4 h6 36. a3 a5 37. a4 Kd6 38. Ke2 Re5+ 39. Kf2 Rd5 40. Ke2
Re5+ 41. Kd2 Rd5 42. c3 Kd7 43. d4 cxd4 44. cxd4 f4 45. hxg5 fxg3 46. gxh6 g2
47. Rc1 Rxd4+ 48. Ke3 Rh4 49. Rg1 Rxh6 1/2-1/2

[Event "FB23 1920 SG Augsburg 1873 - SC Bavaria"]
[Site "?"]
[Date "2019.12.15"]
[Round "4.1"]
[White "Palkova, Katerina"]
[Black "Birkholz, Olga"]
[Result "1-0"]
[WhiteElo "2041"]
[BlackElo "2072"]
[PlyCount "71"]
[EventDate "2019.??.??"]

1. e4 c6 2. d4 g6 3. f4 Bg7 4. Nf3 d5 5. e5 Nh6 6. Bd3 O-O 7. O-O c5 8. dxc5
Qc7 9. Qe2 Qxc5+ 10. Be3 Qa5 11. h3 Nc6 12. c3 f6 13. Nbd2 Nf7 14. exf6 Bxf6
15. Nb3 Qc7 16. Nbd4 Nd6 17. Nb5 Nxb5 18. Bxb5 a6 19. Bd3 e6 20. Rae1 Bd7 21.
Bc5 Rfe8 22. Ng5 Bxg5 23. fxg5 e5 24. Rf6 e4 25. Bc2 Qg3 26. Qd2 Be6 27. Ref1
Rad8 28. Bb3 Ne5 29. Bf2 Qd3 30. Qf4 Nd7 31. Bd4 Rf8 32. Qd6 Rxf6 33. Rxf6 Bf7
34. Rxf7 Qb1+ 35. Kh2 Kxf7 36. Bxd5+ 1-0

[Event "FB23 1920 SG Augsburg 1873 - SC Bavaria"]
[Site "?"]
[Date "2019.12.15"]
[Round "4.2"]
[White "Horvath, Maria"]
[Black "Bardorz, Jana"]
[Result "1-0"]
[WhiteElo "1966"]
[BlackElo "2054"]
[PlyCount "103"]
[EventDate "2019.??.??"]

1. d4 Nf6 2. Nf3 g6 3. c4 Bg7 4. Nc3 O-O 5. e4 d6 6. Be2 e5 7. O-O Nc6 8. d5
Ne7 9. Ne1 Nd7 10. Be3 f5 11. f3 f4 12. Bf2 g5 13. Nd3 Nf6 14. c5 Qe8 15. cxd6
cxd6 16. a4 Bd7 17. Nb5 Bxb5 18. axb5 g4 19. Bxa7 g3 20. h3 Nc8 21. b6 Nd7 22.
Qb3 Bf6 23. Rfc1 Bd8 24. Kf1 Ncxb6 25. Ra3 Nc8 26. Qxb7 Rxa7 27. Qxc8 Rxa3 28.
bxa3 Nb6 29. Qc6 Qxc6 30. dxc6 Bc7 31. Nb4 Ra8 32. Ba6 Kf8 33. Bb7 Rxa3 34. Na6
Rxa6 35. Bxa6 d5 36. Ke2 d4 37. Bb5 Ke7 38. Rc2 Kd6 39. Kd3 h6 40. Kd2 Nc8 41.
Bc4 Ne7 42. Bd5 Nxd5 43. exd5 Kxd5 44. Kd3 Kd6 45. Ke4 Ba5 46. Ra2 Bc3 47. c7
Kxc7 48. Ra6 h5 49. Rh6 h4 50. Rxh4 Kd6 51. Rh6+ Kc5 52. Rh7 1-0

[Event "FB23 1920 SG Augsburg 1873 - SC Bavaria"]
[Site "?"]
[Date "2019.12.15"]
[Round "4.3"]
[White "Leuchsenring, Christina"]
[Black "Woniak, Katarzyna"]
[Result "1/2-1/2"]
[WhiteElo "1929"]
[BlackElo "1938"]
[PlyCount "50"]
[EventDate "2019.??.??"]

1. e4 g6 2. d4 Bg7 3. Nf3 c6 4. Bd3 d5 5. exd5 cxd5 6. O-O Nf6 7. c3 O-O 8. h3
b6 9. Na3 Ba6 10. Nb5 Bxb5 11. Bxb5 a6 12. Bd3 Nc6 13. Qe2 Qc8 14. Re1 e6 15.
Bf4 Re8 16. Ne5 Nxe5 17. Bxe5 Nd7 18. Bf4 b5 19. h4 e5 20. dxe5 Nxe5 21. Bxe5
Bxe5 22. Qf3 d4 23. Qd5 Qc7 24. cxd4 Rad8 25. Qf3 Bxd4 1/2-1/2

[Event "FB23 1920 SG Augsburg 1873 - SC Bavaria"]
[Site "?"]
[Date "2019.12.15"]
[Round "4.4"]
[White "Amelang, Astrid"]
[Black "Pavlov, Liliane"]
[Result "1/2-1/2"]
[WhiteElo "2060"]
[BlackElo "1623"]
[PlyCount "61"]
[EventDate "2019.??.??"]

1. f4 Nc6 2. b3 e5 3. fxe5 Nxe5 4. Nf3 Bd6 5. g3 f5 6. Nxe5 Bxe5 7. d4 Bf6 8.
Bg2 Ne7 9. Qd3 O-O 10. O-O d6 11. c3 c6 12. Na3 Be6 13. Bd2 Qd7 14. Rae1 Rae8
15. Nc2 g6 16. Rf2 Bg7 17. Ref1 Kh8 18. c4 d5 19. c5 Ng8 20. Bf4 Nf6 21. Bd6
Rf7 22. e3 Ne4 23. Bxe4 fxe4 24. Qd2 Bf8 25. Rxf7 Bxf7 26. Rf2 Kg8 27. Be5 Bg7
28. Bd6 Bf8 29. Be5 Bg7 30. Bd6 Bf8 31. Be5 1/2-1/2

[Event "FB23 1920 SG Augsburg 1873 - SC Bavaria"]
[Site "?"]
[Date "2019.12.15"]
[Round "4.5"]
[White "Oberhofer, Marie"]
[Black "Braun, Kristin"]
[Result "1-0"]
[WhiteElo "1700"]
[BlackElo "1951"]
[PlyCount "75"]
[EventDate "2019.??.??"]

1. e4 c5 2. Nf3 d6 3. d4 cxd4 4. Nxd4 Nf6 5. Nc3 g6 6. Be3 Bg7 7. f3 Nc6 8. Qd2
O-O 9. O-O-O d5 10. exd5 Nxd5 11. Nxc6 bxc6 12. Bd4 Nxc3 13. Qxc3 Bh6+ 14. Be3
Bxe3+ 15. Qxe3 Qa5 16. Bc4 Ba6 17. Bb3 Qc7 18. h4 c5 19. h5 c4 20. Ba4 Rad8 21.
Rxd8 Rxd8 22. hxg6 fxg6 23. Qe6+ Kg7 24. Qxa6 Qf4+ 25. Kb1 Qd2 26. Rc1 Qd4 27.
c3 Qc5 28. Qb5 Qc7 29. Qc6 Qf4 30. Qe6 Kf8 31. Re1 Qh4 32. Bb5 Rd6 33. Qc8+ Kg7
34. Rc1 Qf2 35. Bxc4 Qxg2 36. Qg8+ Kh6 37. Qf8+ Kh5 38. Qxe7 1-0

[Event "FB23 1920 SG Augsburg 1873 - SC Bavaria"]
[Site "?"]
[Date "2019.12.15"]
[Round "4.6"]
[White "Nentwig, Nicole"]
[Black "Wetzler, Sophia"]
[Result "1-0"]
[WhiteElo "1879"]
[BlackElo "1683"]
[PlyCount "89"]
[EventDate "2019.??.??"]

1. e4 e5 2. Nf3 Nc6 3. Bc4 Bc5 4. d3 Nf6 5. Bg5 Be7 6. c3 d6 7. b4 a6 8. a4 Bd7
9. Nbd2 h6 10. Bxf6 Bxf6 11. Qb3 O-O 12. O-O Qe8 13. h3 Na7 14. Qc2 Kh7 15.
Rfe1 g5 16. Nh2 Bg7 17. Ndf3 Nc8 18. Ng4 f5 19. exf5 Bxf5 20. Bd5 c6 21. Be4
Bxe4 22. Rxe4 Qg6 23. Re2 Nb6 24. Ne3 Rf7 25. Rd1 a5 26. b5 cxb5 27. axb5 Rc7
28. Qb3 a4 29. Qb4 d5 30. Ng4 e4 31. Nfe5 Bxe5 32. Nxe5 Qf5 33. d4 Qc8 34. Qd6
Nc4 35. Qg6+ Kh8 36. Qxh6+ Kg8 37. Nxc4 Rh7 38. Qxg5+ Rg7 39. Qxd5+ Kh8 40. Re3
a3 41. Nb6 Qg8 42. Qh5+ Rh7 43. Qe5+ Rg7 44. Nxa8 Qxa8 45. Rg3 1-0

[Event "FB23 1920 SV Stuttgart-Wolfbusch - FC B"]
[Site "?"]
[Date "2019.12.15"]
[Round "4.1"]
[White "Exler, Veronika"]
[Black "Li, Zhuoling"]
[Result "0-1"]
[WhiteElo "2224"]
[BlackElo "2158"]
[PlyCount "140"]
[EventDate "2019.??.??"]

1. e4 c6 2. d4 d5 3. Nc3 dxe4 4. Nxe4 Bf5 5. Ng3 Bg6 6. Nh3 Nf6 7. c3 e6 8. Nf4
Nd5 9. Nxg6 hxg6 10. Qg4 Rh4 11. Qf3 Qf6 12. Be2 Nd7 13. Bd2 Be7 14. Qxf6 gxf6
15. Bf3 f5 16. Ne2 g5 17. O-O-O O-O-O 18. h3 Rdh8 19. Rhe1 Rg8 20. Kb1 N7f6 21.
Ng1 Rh7 22. g3 Nb6 23. Bg2 Nc4 24. b3 Nxd2+ 25. Rxd2 Bd6 26. Rd3 g4 27. c4 gxh3
28. Bxh3 Ne4 29. Re2 Ng5 30. Bg2 f4 31. gxf4 Ne4 32. Bxe4 Rxg1+ 33. Kc2 f5 34.
Bf3 Rh2 35. d5 exd5 36. cxd5 c5 37. Rd1 Rxd1 38. Kxd1 Bxf4 39. Ke1 Rh3 40. Bg2
Rc3 41. Re8+ Kd7 42. Rf8 Rc1+ 43. Ke2 Rc2+ 44. Kf3 Bd6 45. Rxf5 Rxa2 46. Bh3
Be7 47. Re5+ Kd8 48. Bf1 Rb2 49. Re3 Bh4 50. Be2 Kc7 51. Rd3 Kd6 52. Ke3 Bf6
53. f4 Bd4+ 54. Kf3 Kxd5 55. Bd1 b5 56. Kg4 c4 57. Bf3+ Kc5 58. bxc4 bxc4 59.
Ra3 Kb4 60. Ra6 c3 61. Be4 c2 62. Ra1 Be3 63. Bxc2 Rxc2 64. Ra6 Rc4 65. Kf3 Bb6
66. f5 Rc3+ 67. Ke4 Ra3 68. Rxa3 Kxa3 69. f6 Bc5 70. Kd5 Kb4 0-1

[Event "FB23 1920 SV Stuttgart-Wolfbusch - FC B"]
[Site "?"]
[Date "2019.12.15"]
[Round "4.2"]
[White "Siegl, Melina"]
[Black "Khrapko, Marharyta"]
[Result "0-1"]
[WhiteElo "2011"]
[BlackElo "2059"]
[PlyCount "94"]
[EventDate "2019.??.??"]

1. e4 c5 2. Nf3 Nc6 3. g3 Nf6 4. d3 d5 5. e5 Ng4 6. Qe2 h5 7. h3 Nh6 8. Bg2 g6
9. Bf4 Bg7 10. Nc3 Nf5 11. Qd2 Be6 12. O-O Nfd4 13. Ng5 Bxe5 14. Rae1 Bf6 15.
Nxe6 fxe6 16. Na4 e5 17. Bg5 Ne6 18. h4 Bxg5 19. hxg5 Qd6 20. Nc3 Nc7 21. a4 a6
22. a5 h4 23. g4 h3 24. Bf3 Nd4 25. Bd1 O-O-O 26. Qe3 Nc6 27. Na4 Ne6 28. Nb6+
Kb8 29. c4 d4 30. Qd2 Rdf8 31. Re4 Nf4 32. Bf3 h2+ 33. Kh1 Rh3 34. Be2 Ka7 35.
Na4 Nb4 36. f3 Nc6 37. Rf2 Nd8 38. Bf1 Rh4 39. Qe1 Nc6 40. Rxh2 Rxh2+ 41. Kxh2
Ne6 42. Qd2 Rxf3 43. Nb6 Qd8 44. Bg2 Rf7 45. Re1 Qh8+ 46. Kg3 e4 47. Rxe4 Qb8+
0-1

[Event "FB23 1920 SV Stuttgart-Wolfbusch - FC B"]
[Site "?"]
[Date "2019.12.15"]
[Round "4.3"]
[White "Santeramo, Alessia"]
[Black "Leser, Katrin"]
[Result "1/2-1/2"]
[WhiteElo "2138"]
[BlackElo "2004"]
[PlyCount "49"]
[EventDate "2019.??.??"]

1. e4 e6 2. d4 d5 3. Nc3 Nf6 4. Bg5 dxe4 5. Nxe4 Be7 6. Nxf6+ Bxf6 7. Bxf6 Qxf6
8. Nf3 b6 9. Bb5+ c6 10. Bd3 Nd7 11. Qe2 Bb7 12. O-O-O O-O 13. Ne5 Nxe5 14.
dxe5 Qf4+ 15. Kb1 c5 16. g3 Qf3 17. Rhe1 Rfd8 18. Qf1 Rac8 19. Be2 Qf5 20. f4
Be4 21. Bd3 Bxd3 22. Rxd3 Rxd3 23. Qxd3 Qxd3 24. cxd3 Rd8 25. Kc2 1/2-1/2

[Event "FB23 1920 SV Stuttgart-Wolfbusch - FC B"]
[Site "?"]
[Date "2019.12.15"]
[Round "4.4"]
[White "Froehlich, Franziska"]
[Black "Giss, Helene"]
[Result "1-0"]
[WhiteElo "1869"]
[BlackElo "2040"]
[PlyCount "63"]
[EventDate "2019.??.??"]

1. e4 e6 2. d4 d5 3. Nd2 c5 4. exd5 Qxd5 5. Ngf3 cxd4 6. Bc4 Qd6 7. O-O Nf6 8.
Nb3 Nc6 9. Nbxd4 Nxd4 10. Nxd4 a6 11. c3 Bd7 12. Qe2 Qc7 13. Be3 Bd6 14. h3 O-O
15. a4 e5 16. Nf3 Bc6 17. Rfd1 h6 18. a5 Rac8 19. Bb3 Qe7 20. Nh4 Be4 21. Bc2
Bxc2 22. Qxc2 Ne8 23. Nf5 Qe6 24. Ra4 Bc5 25. Bxh6 e4 26. Bxg7 Nxg7 27. Nxg7
Kxg7 28. Rxe4 Qf5 29. Rg4+ Kf6 30. Rd3 Bxf2+ 31. Kh1 Ke7 32. Qe2+ 1-0

[Event "FB23 1920 SV Stuttgart-Wolfbusch - FC B"]
[Site "?"]
[Date "2019.12.15"]
[Round "4.5"]
[White "Mayrhuber, Nikola"]
[Black "Kobald, Jacqueline"]
[Result "1/2-1/2"]
[WhiteElo "2016"]
[BlackElo "1851"]
[PlyCount "95"]
[EventDate "2019.??.??"]

1. d4 Nf6 2. c4 g6 3. Nf3 Bg7 4. Nc3 O-O 5. e4 d6 6. Be2 e5 7. O-O Nc6 8. dxe5
dxe5 9. Bg5 Qxd1 10. Rfxd1 Bg4 11. Rac1 Rac8 12. Rd2 Rfe8 13. h3 Bxf3 14. Bxf3
Nd4 15. Bg4 Rb8 16. Re1 c6 17. b4 h5 18. Bd1 Nd7 19. Ba4 Nf8 20. Be3 Nfe6 21.
c5 Red8 22. Red1 Kh7 23. Kf1 Bh6 24. Ne2 Nxe2 25. Kxe2 Rxd2+ 26. Kxd2 Rd8+ 27.
Kc3 Rxd1 28. Bxd1 Bxe3 29. fxe3 Kh6 30. h4 f6 31. Bb3 Nf8 32. Kd3 g5 33. hxg5+
fxg5 34. a4 g4 35. Ke2 h4 36. Kf2 a6 37. Bf7 Kg5 38. Be8 Kf6 39. Bh5 Kg5 40.
Bf7 Kf6 41. Bh5 Kg5 42. Be8 Kf6 43. a5 Kg5 44. Bf7 Kf6 45. Bg8 Kg7 46. Bc4 Kf6
47. Be2 Kg5 48. Bc4 1/2-1/2

[Event "FB23 1920 SV Stuttgart-Wolfbusch - FC B"]
[Site "?"]
[Date "2019.12.15"]
[Round "4.6"]
[White "Gassmann, Linda"]
[Black "Dirmeier, Carolin"]
[Result "1/2-1/2"]
[WhiteElo "1892"]
[BlackElo "1975"]
[PlyCount "100"]
[EventDate "2019.??.??"]

1. d4 f5 2. Nf3 Nf6 3. c4 g6 4. Nc3 Bg7 5. e3 d6 6. Be2 O-O 7. O-O c6 8. Qb3
Kh8 9. Rd1 Na6 10. Bd2 Qc7 11. a3 e5 12. dxe5 dxe5 13. Rac1 e4 14. Nd4 Nc5 15.
Qa2 Ne6 16. Nxe6 Bxe6 17. b3 Rad8 18. Qc2 Rd7 19. h3 Rfd8 20. Be1 Kg8 21. Rxd7
Rxd7 22. Rd1 Kf7 23. Rxd7+ Qxd7 24. Qd1 Qxd1 25. Bxd1 Nd7 26. Ne2 Nc5 27. Bc3
Bxc3 28. Nxc3 Kf6 29. Kf1 Ke5 30. g3 g5 31. Kg2 Nd3 32. h4 h6 33. hxg5 hxg5 34.
Kf1 f4 35. gxf4+ gxf4 36. Kg1 Bf5 37. Nb1 Nc5 38. Nc3 Nd7 39. Ne2 fxe3 40. fxe3
Bg4 41. Kf1 Nf6 42. Ke1 a6 43. Bc2 b5 44. cxb5 cxb5 45. Nd4 Bd7 46. b4 Nd5 47.
Kd2 Nc7 48. Nb3 Ne6 49. Kc3 Be8 50. Bd1 Bc6 1/2-1/2

[Event "FB23 1920 SK 1980 Gernsheim - Kisschess"]
[Site "?"]
[Date "2019.12.15"]
[Round "4.1"]
[White "Sukandar, Irine Kharisma"]
[Black "Lukas, Anne"]
[Result "1-0"]
[WhiteElo "2400"]
[BlackElo "1866"]
[PlyCount "75"]
[EventDate "2019.??.??"]

1. e4 c5 2. Nf3 Nc6 3. d4 cxd4 4. Nxd4 g6 5. Nc3 Bg7 6. Nb3 d6 7. Be2 Nf6 8.
O-O O-O 9. Bg5 a6 10. f4 b5 11. Bf3 Bb7 12. Kh1 Qc7 13. Qe2 e6 14. Rad1 b4 15.
Na4 Na5 16. Nxa5 Qxa5 17. b3 Bc6 18. Rfe1 Bb5 19. Qf2 Bxa4 20. bxa4 d5 21. Bxf6
Bxf6 22. exd5 exd5 23. Rxd5 Qxa4 24. Rd6 Bc3 25. Red1 Rab8 26. f5 Be5 27. R6d5
Bc3 28. Rd7 Qb5 29. fxg6 hxg6 30. Be2 Qb6 31. Qf3 Rbd8 32. Bc4 Qf6 33. Bxf7+
Kg7 34. Bc4+ Rxd7 35. Rxd7+ Kh6 36. Qh3+ Kg5 37. Rd5+ Be5 38. Qe3+ 1-0

[Event "FB23 1920 SK 1980 Gernsheim - Kisschess"]
[Site "?"]
[Date "2019.12.15"]
[Round "4.2"]
[White "Ries, Jutta"]
[Black "Kiolbasa, Oliwia"]
[Result "0-1"]
[WhiteElo "2009"]
[BlackElo "2208"]
[PlyCount "48"]
[EventDate "2019.??.??"]

1. b3 Nf6 2. Bb2 g6 3. e3 Bg7 4. f4 d5 5. Be2 O-O 6. Bf3 c6 7. Ne2 a5 8. O-O a4
9. bxa4 Nbd7 10. Nbc3 Nc5 11. Kh1 Nfe4 12. d3 Nxc3 13. Nxc3 d4 14. exd4 Bxd4
15. Qd2 Nxa4 16. Nxa4 Rxa4 17. Bxd4 Qxd4 18. g3 Be6 19. c3 Qd7 20. Bd1 Ra3 21.
Qb2 Qxd3 22. Bb3 Bxb3 23. axb3 Qd5+ 24. Kg1 Rxb3 0-1

[Event "FB23 1920 SK 1980 Gernsheim - Kisschess"]
[Site "?"]
[Date "2019.12.15"]
[Round "4.3"]
[White "Radeva, Viktoria"]
[Black "Mao, Yvonne"]
[Result "1-0"]
[WhiteElo "2241"]
[BlackElo "1807"]
[PlyCount "33"]
[EventDate "2019.??.??"]

1. e4 c5 2. Nf3 a6 3. c3 Nf6 4. e5 Nd5 5. d4 e6 6. Bd3 cxd4 7. cxd4 Nc6 8. Be4
d6 9. O-O dxe5 10. dxe5 Bc5 11. Nbd2 O-O 12. Qc2 Qb6 13. Bxh7+ Kh8 14. Be4 Ncb4
15. Qb3 Bd7 16. Nc4 Qa7 17. Ng5 1-0

[Event "FB23 1920 SK 1980 Gernsheim - Kisschess"]
[Site "?"]
[Date "2019.12.15"]
[Round "4.4"]
[White "Wilke, Tabea"]
[Black "Gaboyan, Susanna"]
[Result "0-1"]
[WhiteElo "1779"]
[BlackElo "2203"]
[PlyCount "86"]
[EventDate "2019.??.??"]

1. e4 c5 2. Nc3 Nc6 3. Bb5 g6 4. Bxc6 dxc6 5. d3 e5 6. Nf3 f6 7. O-O Nh6 8. h3
Nf7 9. Re1 Be6 10. b3 g5 11. Ne2 h5 12. Ng3 Qd7 13. Kf1 h4 14. Nf5 Bxf5 15.
exf5 Qxf5 16. Nh2 O-O-O 17. Bb2 Nd6 18. Qg4 Be7 19. Rad1 Rd7 20. Qxf5 Nxf5 21.
Ng4 Nd4 22. c3 Ne6 23. Re3 Rhd8 24. f3 Nf4 25. Nf2 c4 26. d4 cxb3 27. axb3 c5
28. Re4 cxd4 29. cxd4 Kb8 30. Ra1 exd4 31. Bxd4 Rxd4 32. Rxe7 Rd2 33. Rae1 Rb2
34. Re8 Rxe8 35. Rxe8+ Kc7 36. Ng4 Rxg2 37. Re7+ Kc6 38. Nxf6 Rg3 39. Kf2 Rxh3
40. Ke3 Rh2 41. Kd4 Rd2+ 42. Kc3 Rd3+ 43. Kc4 Rxf3 0-1

[Event "FB23 1920 SK 1980 Gernsheim - Kisschess"]
[Site "?"]
[Date "2019.12.15"]
[Round "4.5"]
[White "Mehling, Katharina"]
[Black "Tampe, Friederike"]
[Result "1-0"]
[WhiteElo "2005"]
[BlackElo "1565"]
[PlyCount "67"]
[EventDate "2019.??.??"]

1. d4 Nf6 2. Nc3 c5 3. e3 e6 4. Nf3 d5 5. Be2 Nc6 6. O-O a6 7. b3 b5 8. dxc5
Bxc5 9. Bb2 O-O 10. Nb1 Bb7 11. Nbd2 Rc8 12. c4 dxc4 13. bxc4 bxc4 14. Bxc4 Qe7
15. Qe2 a5 16. Rfc1 Rfd8 17. Bb5 Nb4 18. a3 Nbd5 19. Nc4 Ra8 20. Nfe5 Nb6 21.
Nxb6 Bxb6 22. Nc6 Bxc6 23. Rxc6 Ba7 24. Rac1 Nd5 25. e4 Nf4 26. Qg4 e5 27. g3
h5 28. Qf5 g6 29. Qf6 Qxf6 30. Rxf6 Rab8 31. gxf4 Rxb5 32. Bxe5 Bd4 33. Rd6
Rxd6 34. Rc8+ 1-0

[Event "FB23 1920 SK 1980 Gernsheim - Kisschess"]
[Site "?"]
[Date "2019.12.15"]
[Round "4.6"]
[White "Mueller, Manon"]
[Black "Perez Celis, Alba"]
[Result "0-1"]
[WhiteElo "1806"]
[BlackElo "1851"]
[PlyCount "53"]
[EventDate "2019.??.??"]

1. d4 Nf6 2. Bg5 Ne4 3. Bf4 c5 4. f3 Qa5+ 5. c3 Nf6 6. d5 Qb6 7. Bc1 e6 8. dxe6
fxe6 9. Qb3 Qc7 10. Na3 a6 11. Nh3 d5 12. Bf4 Bd6 13. Bxd6 Qxd6 14. e3 O-O 15.
Be2 e5 16. O-O-O b5 17. e4 c4 18. Nxc4 bxc4 19. Bxc4 dxc4 20. Qxc4+ Qe6 21. Qa4
Bd7 22. Qa3 Bb5 23. Rd6 Qc4 24. Rhd1 Nbd7 25. Ng5 Nc5 26. R6d4 exd4 27. Rxd4
0-1

[Event "FB23 1920 SK Freiburg-Zähringen - SC Ro"]
[Site "?"]
[Date "2019.12.15"]
[Round "4.1"]
[White "Mucha, Annegret"]
[Black "Hund, Barbara"]
[Result "1/2-1/2"]
[WhiteElo "2041"]
[BlackElo "2088"]
[PlyCount "51"]
[EventDate "2019.??.??"]

1. Nc3 e5 2. Nf3 Nc6 3. d4 exd4 4. Nxd4 Nf6 5. Bg5 Bc5 6. Nxc6 bxc6 7. e4 O-O
8. Be2 Qe7 9. O-O Qe5 10. Bxf6 Qxf6 11. Bc4 d6 12. Qd2 Rb8 13. Na4 Be6 14. Bxe6
Qxe6 15. Nxc5 dxc5 16. Qc3 Qxe4 17. Qxc5 Rxb2 18. Qxa7 Rxc2 19. Qxc7 Qa4 20. h3
c5 21. Rfc1 h6 22. Rxc2 Qxc2 23. a4 Qc3 24. Rb1 c4 25. a5 Qa3 26. Qxc4 1/2-1/2